000 01131nam0a22003011 4500
001 v19\rc\1781757
005 20260407183701.0
035 _a(NLR Aleph) 004875665
090 _a5129111
_c5129111
100 _a20061204d1904 |||y0rusy50 ca
101 0 _arus
102 _aRU
105 _ay z |||||
200 1 _aО новых прирейнских портах в Бадене
_eОтчет инж. Пастакова
_fX Съезд рус. деятелей по водяным путям
210 _aСанкт-Петербург
_cтипо-лит. С.М. Муллер
_d1904
215 _a8 с.
_d24
700 1 _aПастаков
_bВ.А.
_gВартан Алексеевич
712 1 2 _aСъезд русских деятелей по водным путям сообщения
_d10
_f1904
_eПетербург
_3RU\NLR\AUTH\8810119367
_9737355
801 0 _aRU
_bNLR
_gpsbo
801 0 _aRU
_bRuMoRGB
_2psbo
801 1 _aRU
_bProSoft-M
_2rusmarc
852 _aNLR
_j34.82.7.565
899 _aRuMoRGB
_jV 162/71 (№ 28)
899 _aRuMoRGB
_jU 402/1060
899 _aБАН
942 _cBOOK
980 _aNB